000
00283nam a22001337a 4500
008
170918b xxu||||| |||| 00| 0 eng d
020
_a
9780289800225
041
_a
eng
080
_a
7
100
_a
44
101
_a
ART
245
_a
SCOTTISH PAINTING
_c
HARDIE,W
942
_2
udc
_c
BK
999
_c
28068
_d
28068